_The battle is Gods Reflecting on spiritual warfare for african believers Keith Ferdinando (Record no. 15035)
[ view plain ]
| 000 -LEADER | |
|---|---|
| fixed length control field | 00442nam a2200133Ia 4500 |
| 008 - FIXED-LENGTH DATA ELEMENTS--GENERAL INFORMATION | |
| fixed length control field | 151021s9999 xx 000 0 und d |
| 020 ## - INTERNATIONAL STANDARD BOOK NUMBER | |
| International Standard Book Number | 9.7899661655e+012 |
| 050 ## - LIBRARY OF CONGRESS CALL NUMBER | |
| Classification number | Bv4598.4 .F 2012 |
| 245 ## - TITLE STATEMENT | |
| Title | _The battle is Gods Reflecting on spiritual warfare for african believers Keith Ferdinando |
| 260 ## - PUBLICATION, DISTRIBUTION, ETC. (IMPRINT) | |
| Place of publication, distribution, etc. | Nairobi African Christian Textbooks 2012 |
| 300 ## - PHYSICAL DESCRIPTION | |
| Extent | xiv,146p. |
| 650 ## - SUBJECT ADDED ENTRY--TOPICAL TERM | |
| Topical term or geographic name as entry element | _God's Battle |
| 980 ## - EQUIVALENCE OR CROSS-REFERENCE-SERIES STATEMENT--PERSONAL NAME/TITLE [LOCAL, CANADA] | |
| Personal name | ^d20141022 03:44:04^oanne |
No items available.